عرض عادي عرض مارك
  • خليفة، أيمن محمود

مدخل إسم شخص

عدد التسجيلات المستخدمة في: 1

001 - رقم الضبط

  • حقل الضبط: 43923

003 - معرف رقم الضبط

  • حقل الضبط: OSt

005 - تاريخ ووقت أخر عملية

  • حقل الضبط: 20140420110957.0

008 - عناصر بيانات ثابتة الطول

  • حقل تحكم ثابت الطول: 140420|||a|||||| | ||| d

040 ## - مصدر الفهرسة

  • هيئة الفهرسة الأصلية: OSt
  • وكالة الكتابة: OSt

100 ## - مدخل -- أسم شخص

  • إسم شخص: خليفة، أيمن محمود

670 ## - بيانات المصدر موجوده

  • الاستشهاد بالمصدر: Work cat.: (OSt): خليفة، أيمن محمود, علامات الساعة :, 2012